Manual sobre derechos humanos y ambiente

Guardat en:
Dades bibliogràfiques
Autors principals: Salazar Cambronero, Roxana (Autor), Saborío Valverde, Rodolfo (Autor), Cabrera Medaglia, Jorge A (Autor)
Format: Llibre
Idioma:espanyol
Publicat: San José Fundación Ambio 1995
Edició:2a. ed
Matèries:
Etiquetes: Afegir etiqueta
Sense etiquetes, Sigues el primer a etiquetar aquest registre!

MARC

LEADER 00000nam a2200000 a 4500
001 UCK4203
003 CL-VaPUC
008 050527e19950000CR |||||||||||||||||spa|d
020 |a 996875141 
082 0 4 |a 342.085  |b SAL  |2 21 
100 0 |a Salazar Cambronero, Roxana  |e author  |9 492669 
700 0 |a Saborío Valverde, Rodolfo  |e author  |9 492670 
700 0 |a Cabrera Medaglia, Jorge A  |e author  |9 492671 
245 1 0 |a Manual sobre derechos humanos y ambiente 
250 |a 2a. ed 
300 |a 141 p 
942 |c BK 
945 |d 20050527 00:00:00  |a cmena 
260 |a San José  |b Fundación Ambio  |c 1995 
650 0 |a Derechos humanos  |9 223025 
650 0 |a Protección del medio ambiente  |9 257626 
650 0 |a Derecho ambiental   |9 257835 
651 0 |a Costa Rica   |9 225304 
583 |a last modification  |c 20050527 00:00:00  |k Rodrigo Vera 
999 |c 313143  |d 313141 
952 |0 0  |1 0  |4 0  |6 342_085000000000000_SAL_1995  |7 0  |8 A  |9 384244  |a BIBDER  |b BIBDER  |d 2019-11-22  |i 4120124  |o 342.085 SAL 1995  |p 4120124  |r 2023-01-25  |w 2019-11-22  |y BK  |k DER